00425nam a2200157Ia 4500008004100000020001800041082001400059100002000073245003200093250000800125260004400133300002900177500001900206600002700225650001500252240925s9999 xx 000 0 und d a9780470547564 a629.8 NIS aNise, Norman S. 0aControl Systems Engineering a6th aNew Jersey:bJohn wiley & Sonsc,2011. axxi,706p.bN.AfOriginal aIncludes Index aEngineering Technology aTechnology